000 00619nam a2200169 i 4500
001 58301
003 ES-MaACL
005 20230906163755.0
007 t|
008 031021s1981 sp ||||1| spa d
100 1 _aDurán Herrera, Juan José.
_946222
245 1 3 _aLa internacionalización de la empresa española
_b: inversiones españolas en el exterior /
_cJuan José Durán Herrera, María Paloma Sánchez Muñoz.
260 _a[Madrid] :
_bMinisterio de Economía y Comercio,
_c[1981]
300 _a373 p. ;
_c24 cm.
700 1 _aSánchez Muñoz, María Paloma.
_9102807
852 _aES-MaACL
_jL-6225
_bR.106822
999 _c58301
_d58301